000 01016nam0a22002531 4500
001 rc\703155
005 20031121170603.8
035 _a(NLR Aleph) 005938795
090 _a6656658
_c6656658
100 _a20031121d1985 u |0rusy50 ca
101 0 _arus
102 _aRU
105 _aa |||||||||
200 1 _aЧисленные методы решения задач термоупругости
_eМетод. разраб.
_fМ-во высш. и сред. спец. образования КазССР, Каз. гос. ун-т им. С.М. Кирова
_g[Сост. Розенфельд Г.О.]
210 _aАлма-Ата
_cКазГУ
_d1985
215 _a45 с.
_cил.
_d20
320 _aБиблиогр.: с. 44
702 1 _aРозенфельд
_bГ. О.
_gГарри Оттович
_4220
712 0 2 _aКазахский ун-т им. С.М.Кирова
_cАлма-Ата
_3RU\NLR\AUTH\884194
801 0 _aRU
_bNLR
_gpsbo
801 1 _aRU
_bELAR
_2rusmarc
852 _aNLR
_j87-4/448
942 _cBOOK
980 _aNB